Statistics for Avengers: Endgame Character Quiz

Click here to take the quiz!

General Stats

  • This quiz has been taken 241 times
  • The average score is 25 of 41

Answer Stats

NumberQuoteAnswer% Correct
1'I am _____________'Iron Man
98%
40'Avengers! Assemble'Captain America
95%
5'Lets kill him properly this time'Thor
94%
39'You disgust me, but that doesn't mean your useless'Nebula (2014)
90%
2'My father is many things, a liar isn't one of them'Nebula (2023)
90%
24'So many Stairs!'Hulk
89%
10''I am inevitableThanos
89%
9'If I tell you what happens, it won't happen'Doctor Strange
84%
7'You can rest now'Pepper Potts
84%
19'Flick me'Ant-Man
82%
21'Do you remember when we were in space, and I got all dusty?'Spiderman
82%
11'On your left'Falcon
81%
14'You took everything from me'Scarlet Witch
80%
3'To kill Thanos'Captain Marvel
78%
17'Clint, give it to me'Black Panther
75%
13'Neither should you'Black Widow
75%
12'You shouldn't be here'Ronin
74%
6'You look like melted ice cream'Rocket
73%
16'Don't touch me!'Gamora
71%
27'What's up, regular sized man'War Machine
71%
8'You missed the first time, then you got 'em both the second time'Star-Lord
69%
22'I love you 3000'Morgan Stark
65%
15'You should fight each other for honour of leadership'Drax
61%
28'Thor, he's back, that kid on the TV called me a d**khead again'Korg
61%
23'What, you wanted more?'Wong
59%
35'In order to take the stone, you must lose that which you love'Red Skull
58%
20'We're on it Cap'Wasp
55%
18'She's got help'Okoye
53%
41'How can I? You're taking all the stupid with you'Bucky Barnes
51%
29'I think I liked you better either of the other ways'Valkyrie
42%
37'She's at the point where she can't stand the sound of my chewing'Howard Stark
34%
31'There's another consciousness sharing her network'Ebony Maw
33%
38'You meet a lot of people sir'Jarvis
31%
30'You're better off leaving the sneaking to your brother'Frigga
30%
4'Lets go get this son of a b**ch'Steve Rogers
30%
25'I fear you might be right'The Ancient One
28%
26'Who puts mayo on a hot dog?Lila Barton
26%
36'That would be the number that you called, yes'Hank Pym
19%
32'She's not responding'Corvus Glaive
15%
33'Captain, I thought you were coordinating search and rescue?'Jasper Sitwell
10%
34'May I ask you where you're going?'Alexander Pierce
6%

Score Distribution

Percentile by Number Answered

Percent of People with Each Score

Your Score History

You have not taken this quiz